000 01026cam a22002654a 4500
001 12433098
005 20170105102350.0
008 010606s2002 njua b 001 0 eng
010 _a 2001036240
020 _a0130612103
040 _aDLC
_cDLC
_dDLC
042 _apcc
050 0 0 _aTK2182
_b.H83 2002
082 0 0 _a621.31042
_221
100 1 _aHubert, Charles I.
245 1 0 _aElectric machines : theory, operation, applications, adjustment, and control
_btheory, operation, applications, adjustment, and control
_cCharles I. Hubert.
250 _a2nd ed.
260 _aUpper Saddle River, NJ :
_bPrentice Hall,
_cc2002.
300 _axix, 604 p. :
_bill. ;
_c25 cm.
504 _aIncludes bibliographical references and index.
650 0 _aElectric machinery.
906 _a7
_bcbc
_corignew
_d1
_eocip
_f20
_gy-gencatlg
942 _2ddc
_cBK
999 _c11875
_d11875